Central Library OPAC University of Rajshahi

Social action / (Record no. 33240)

MARC details
000 -LEADER
fixed length control field 00687nam a22002292 4500
001 - CONTROL NUMBER
control field 33240
003 - CONTROL NUMBER IDENTIFIER
rucl marc code BD-RjUL
005 - DATE AND TIME OF LATEST TRANSACTION
control field 20211209051954.0
008 - FIXED-LENGTH DATA ELEMENTS--GENERAL INFORMATION
fixed length control field 140430s1966 enka 000 0 eng d
035 ## - SYSTEM CONTROL NUMBER
System control number (BD-RjUL)33331
-- OCLC ocm09871433 from D970226M
040 ## - CATALOGING SOURCE
Original cataloging agency Recon SWW
Transcribing agency SWW
Modifying agency EQO
-- BD-RjUL
Language of cataloging eng
041 ## - LANGUAGE CODE
Language code of text/sound track or separate title eng
082 04 - DEWEY DECIMAL CLASSIFICATION NUMBER
Edition number 19
Classification number 302
Author mark and year VAS 1966
100 1# - MAIN ENTRY--PERSONAL NAME
Personal name Vasudeva Moorthy, M.
9 (RLIN) 100932
245 10 - TITLE STATEMENT
Title Social action /
Statement of responsibility, etc. by M. Vasudervamoorthy.
260 ## - PUBLICATION, DISTRIBUTION, ETC. (IMPRINT)
Place of publication, distribution, etc. London :
Name of publisher, distributor, etc. Asia Publishing House,
Date of publication, distribution, etc. c1966.
300 ## - PHYSICAL DESCRIPTION
Pagination x, 91 p. :
Illustrations diagr.
Size 22 cm.
504 ## - BIBLIOGRAPHY, ETC. NOTE
Bibliography, etc Includes index.
650 #0 - SUBJECT ADDED ENTRY--TOPICAL TERM
Topical term or geographic name as entry element Social action.
9 (RLIN) 100933
Topical term or geographic name as entry element Community organization.
9 (RLIN) 100934
942 ## - ADDED ENTRY ELEMENTS (KOHA)
Source of classification or shelving scheme Dewey Decimal Classification
Koha item type Books
Holdings
Lost status Source of classification or shelving scheme Damaged status Not for loan Collection code Permanent Location Current Location Shelving location Date acquired Source of acquisition Cost, normal purchase price Total Checkouts Full call number Date last seen Copy number Koha item type
  Dewey Decimal Classification     Non-fiction Central Library, University of Rajshahi Central Library, University of Rajshahi   13/05/1978 Asia Publication House, Bombay. 5.00   302 VAS 1966 30/04/2014 C-3 Books